Anchorage (C-8) NE quadrangle, Alaska--Matanuska-Susitna Borough, 1979 : 1:25 000-scale series (topographic) /

Bibliographic Details
Corporate Author: Geological Survey (U.S.)
Format: Government Document Map
Language:English
Published: Reston, Va. : The Survey ; 1993.
Edition:Rev. 1993.
Subjects:

MARC

Tag First Indicator Second Indicator Subfields
LEADER 00000cem a2200000 a 4500
001 in00001197708
005 20151002061705.0
007 aj canzn
008 940817s1993 vauag bh a f 0 eng d
010 |a gp 94092768  
034 1 |a a  |b 25000  |d W1494845  |e W1493730  |f N0614500  |g N0613730 
035 |a (OCoLC)30958338 
035 |9 AGJ4463AM 
040 |a GPO  |c GPO  |d DLC  |d UtOrBLW 
052 |a 4371 
074 |a 0619-M-02 
086 0 |a I 19.81:61149-F 6-TM-025/993 
090 |a G4371 C1 s25 U5 6149-C8-NE 
110 2 |a Geological Survey (U.S.) 
245 1 0 |a Anchorage (C-8) NE quadrangle, Alaska--Matanuska-Susitna Borough, 1979 :  |b 1:25 000-scale series (topographic) /  |c produced by the United States Geological Survey. 
250 |a Rev. 1993. 
255 |a Scale 1:25,000 ;  |b universal transverse Mercator proj.  |c (W 14948ʹ45ʺ--W 14937ʹ30ʺ/N 6145ʹ00ʺ--N 6137ʹ30ʺ). 
264 1 |a Reston, Va. :  |b The Survey ;  |c 1993. 
264 2 |a Denver, Colo. :  |b For sale by the Survey, 
300 |a 1 map :  |b color ;  |c sheet 68 x 56 cm. 
336 |a cartographic image  |b cri  |2 rdacontent 
337 |a unmediated  |b n  |2 rdamedia 
338 |a sheet  |b nb  |2 rdacarrier 
500 |a Relief shown by contours and spot heights. 
500 |a Filing title: Anchorage (C-8) NE, Alaska. 
500 |a "Compiled from aerial photographs taken 1972; revisions shown in purple and woodland compiled from aerial photographs taken 1988 ... map edited 1993." 
500 |a Includes quadrangle location map. 
500 |a "61149-F6-TM-025." 
500 |a Cartographic material. 
651 0 |a Alaska  |x Maps, Topographic. 
740 0 |a Anchorage (C-8) NE, Alaska. 
999 |a MARS 
999 f f |s 7a2b9117-ecfe-3575-afb8-c29a28b8b488  |i 7bc9f953-9ca4-39e2-8880-dbbce98d71fa  |t 0 
952 f f |p normal  |a Texas A&M University  |b College Station  |c Sterling C. Evans Library  |d Evans: Maps (2nd floor)  |t 0  |e G4371.C1 s25 .U5 6149-C8-NE  |h Library of Congress classification  |i unmediated -- sheet  |m A14818115816 
998 f f |a G4371.C1 s25 .U5 6149-C8-NE  |t 0  |l Evans: Maps (2nd floor)